O Livro das Adivinhas 1 (Registo nº 3722)

Detalhes MARC
000 -Etiqueta do registo
Cabeçalho 00845nam0a22003011 4500
005 - Identificador da versão
Campo de controlo 20240813122041.0
010 ## - Número internacional normalizado dos livros (ISBN)
Número (ISBN) 9895573308
021 ## - Número do Depósito Legal
Código do país PT
Número 246649/06
100 ## - Dados gerais de processamento
Dados gerais de processamento 20081216d2006 a e0pory5003 ba
102 ## - Pais de publicação ou produção
País de publicação Portugal
101 0# - Língua de publicação
Língua do texto, banda sonora, etc. Português
215 ## - Descrição física 
Indicação específica da natureza do documento e extensão da espécie [34] p.
Outras indicações físicas il. color.
200 1# - Titulo e menção de responsabilidade
Título próprio O Livro das Adivinhas 1
Primeira menção de responsabilidade António Mota
Outras menções de responsabilidade Elsa Fernandes
225 1# - Colecção 
Título próprio da colecção Obras de António Mota
Indicação de volume 15
205 ## - Menção da edição
Menção da edição 6ª ed
210 ## - Publicação, Distribuição, etc. 
Lugar da edição, distribuição, etc. Vila Nova de Gaia
Nome do editor, distribuidor, etc. Gailivro
Data da publicação, distribuição, etc. 2006
300 ## - Notas gerais 
Texto da nota PNL
606 ## - Nome comum usado como assunto
Número de registo de entrada de autoridade 0000093
Palavra de ordem Adivinhas|2CA
Número de registo de entrada de autoridade 0000094
Palavra de ordem Literatura portuguesa|2CA
675 ## - Classificação Decimal Universal (CDU)
Notação 398.6
Edição 3ª ed.
Língua da edição por
Notação 821.134.3-84
Edição 3ª ed.
Língua da edição por
702 #1 - Nome de autor-pessoa física (responsabilidade secundária)
Número de registo de entrada de autoridade 0000110
Palavra de ordem Fernandes
Outra parte do nome não tomada para palavra de ordem Elsa
Código de função Ilustrador / Técnico de desenho computorizado
700 #1 - Nome de autor-pessoa física (responsabilidade principal)
Número de registo de entrada de autoridade 0000068
Palavra de ordem Mota
Outra parte do nome não tomada para palavra de ordem António
Datas 1957-
942 ## - Elementos de entrada adicionados (Koha)
Tipo de item no Koha Livro
Exemplares
Situação do levantamento Origin of item (home branch) (coded) Biblioteca de empréstimo Código de barras Cota Circulation type (not for loan) Tipo de documento Nota do exemplar Damaged status
  Biblioteca Escolar das Vendas Biblioteca Escolar das Vendas BEV1627 8POR MOT PNL   Livro Sem mensagem